Statistiques concernant Happier than ever Billie Eilish

Cliquez ici pour prendre le quiz!

Statistiques générales

  • Ce quiz a été pris 429 fois
  • Le résultat moyen est 10 sur 16

Statistiques - réponses

HintRéponse% Correct
15happier than ever
96%
13NDA
74%
1getting older
70%
16male fantasy
70%
5oxytocin
70%
3billie bossa nova
67%
2i didn't change my number
67%
4my future
66%
8halley's comet
65%
14therefore i am
65%
12your power
63%
7lost cause
60%
6GOLDWING
59%
10overheated
50%
9not my responsability
47%
11evrybody dies
9%

Distribution des résultats

Percentile par nombre de réponses

% des personnes avec chaque résultat

Votre développement - résultats

Vous n’avez pas pris ce quiz